Identifying wood : (Record no. 32754)

MARC details
000 -LEADER
fixed length control field 00933cam a2200277 a 4500
001 - CONTROL NUMBER
control field 1038062
003 - CONTROL NUMBER IDENTIFIER
control field OSt
005 - DATE AND TIME OF LATEST TRANSACTION
control field 20220314111253.0
008 - FIXED-LENGTH DATA ELEMENTS--GENERAL INFORMATION
fixed length control field 890929s1990 ctua b 001 0 eng
010 ## - LIBRARY OF CONGRESS CONTROL NUMBER
LC control number 89040575
020 ## - INTERNATIONAL STANDARD BOOK NUMBER
International Standard Book Number 0942391047 :
Terms of availability $39.95
040 ## - CATALOGING SOURCE
Original cataloging agency DLC
Transcribing agency HU
Modifying agency DLC
-- OCoLC
050 00 - LIBRARY OF CONGRESS CALL NUMBER
Classification number TT180
Item number .H58 1990
082 00 - DEWEY DECIMAL CLASSIFICATION NUMBER
Classification number 684/.08 HOA 1990
Edition number 20
100 1# - MAIN ENTRY--PERSONAL NAME
Personal name Hoadley, R. Bruce.
9 (RLIN) 32903
245 10 - TITLE STATEMENT
Title Identifying wood :
Remainder of title accurate results with simple tools /
Statement of responsibility, etc. R. Bruce Hoadley.
260 ## - PUBLICATION, DISTRIBUTION, ETC.
Place of publication, distribution, etc. Newtown, CT :
Name of publisher, distributor, etc. Taunton Press,
Date of publication, distribution, etc. c1990.
300 ## - PHYSICAL DESCRIPTION
Extent xv, 223 p. :
Other physical details ill. (some col.) ;
Dimensions 29 cm.
500 ## - GENERAL NOTE
General note "A Fine woodworking book"--T.p. verso.
504 ## - BIBLIOGRAPHY, ETC. NOTE
Bibliography, etc. note Includes bibliographical references (p. [212]-215) and index.
650 #0 - SUBJECT ADDED ENTRY--TOPICAL TERM
Topical term or geographic name entry element Woodwork.
9 (RLIN) 32904
650 #0 - SUBJECT ADDED ENTRY--TOPICAL TERM
Topical term or geographic name entry element Wood
General subdivision Identification.
9 (RLIN) 32905
906 ## - LOCAL DATA ELEMENT F, LDF (RLIN)
a 7
b cbc
c orignew
d 1
e ocip
f 19
g y-gencatlg
942 ## - ADDED ENTRY ELEMENTS (KOHA)
Source of classification or shelving scheme Dewey Decimal Classification
Koha item type Books like text book referance book
Suppress in OPAC No
Holdings
Withdrawn status Lost status Source of classification or shelving scheme Damaged status Not for loan Collection code Home library Current library Shelving location Date acquired Total Checkouts Full call number Barcode Date last seen Copy number Price effective from Koha item type
    Dewey Decimal Classification     Reference Wondo Genet Library Wondo Genet Library General Stacks 03/14/2022   684/.08 HOA 1990 WGCFNRL00013107 03/14/2022 1 03/14/2022 Books like text book referance book